| 000 | 00631cam a2200205 4500 | ||
|---|---|---|---|
| 005 | 20250217034544.0 | ||
| 008 | 750417m19649999fr 000 0 pol | ||
| 010 | _a 65034149 | ||
| 035 | _a(OCoLC)ocm01283018 | ||
| 040 |
_aDLC _cBUF _dSER _dPUL _bpol |
||
| 050 | 0 |
_aDK440.5.A1 _bW5 |
|
| 100 | 1 |
_aWitos, Wincenty, _d1874-1945. |
|
| 245 | 0 | 0 | _aMoje wspomnienia. |
| 260 |
_aParyż, _bInstytut Literacki, _c1964-65. |
||
| 300 |
_a3 v. _c22 cm. |
||
| 651 | 0 |
_aPoland _xHistory _y1918-1945. |
|
| 942 |
_2z _cBK |
||
| 440 | 0 |
_aBiblioteka "Kultury," _vt. 99 _915200 |
|
| 999 |
_c75867 _d75867 |
||